[Event "Hessen Senioren-ch 2012  8th"]
[Site "Bad Sooden-Adf. (14.4.-22.4)"]
[Date "2012.04.14"]
[Round "1.1"]
[White "Piankov, Evgenij"]
[Black "Kaufmann, Helmut(33)"]
[Result "1-0"]
[WhiteElo "2271"]
[BlackElo "1897"]
[PlyCount "79"]
[EventDate "2012.04.??"]
[EventType "swiss"]
[EventRounds "9"]
[EventCountry "GER"]
[WhiteTeam "UKR (Ukraine)"]
[BlackTeam "Eutingen SK"]
[WhiteTeamCountry "UKR"]

1. d4 g6 2. Nf3 Bg7 3. c3 d6 4. e4 Nc6 5. Bg5 f6 6. Bh4 Nh6 7. d5 Nb8 8. Nd4
O-O 9. Bd3 c5 10. Ne6 Bxe6 11. dxe6 Nc6 12. Nd2 Ne5 13. Nc4 Nxd3+ 14. Qxd3 g5
15. Bg3 Qc8 16. Qd5 Kh8 17. Ne3 Qc6 18. f4 gxf4 19. Bxf4 Qxd5 20. exd5 f5 21.
h3 Ng8 22. Rf1 Bh6 23. Ke2 Rf6 24. Bxh6 Nxh6 25. g4 fxg4 26. Rxf6 exf6 27. hxg4
Kg7 28. Kf3 b5 29. a4 b4 30. cxb4 cxb4 31. Rc1 Kg6 32. Rc6 Rd8 33. Nc4 f5 34.
Nxd6 fxg4+ 35. Ke4 Kf6 36. Nb7 Re8 37. Kf4 Re7 38. Nc5 Nf5 39. Nd7+ Kg6 40.
Ne5+ 1-0

[Event "Hessen Senioren-ch 2012  8th"]
[Site "Bad Sooden-Adf. (14.4.-22.4)"]
[Date "2012.04.14"]
[Round "1.2"]
[White "Noble, Alexander"]
[Black "Ugolyk, Vitaliy"]
[Result "0-1"]
[WhiteElo "1939"]
[BlackElo "2210"]
[PlyCount "102"]
[EventDate "2012.04.??"]
[EventType "swiss"]
[EventRounds "9"]
[EventCountry "GER"]
[WhiteTeam "Bad Nauheim SC"]
[BlackTeam "Fulda SC"]

1. e4 c5 2. Nc3 Nc6 3. g3 g6 4. Bg2 Bg7 5. d3 d6 6. Nge2 Nf6 7. Rb1 O-O 8. O-O
Rb8 9. a3 a5 10. Nb5 d5 11. exd5 Nxd5 12. Nf4 Nf6 13. Be3 Nd4 14. a4 e5 15. Ne2
Nd5 16. Bd2 Bg4 17. f3 Be6 18. Na3 Nb4 19. Nc1 Nbc6 20. b3 Qd7 21. Re1 Rbe8 22.
Nc4 Qd8 23. Na2 Bf5 24. Nc1 h6 25. Be3 Bc8 26. Ne2 Nb4 27. Na3 b6 28. Nxd4 exd4
29. Bd2 Nd5 30. Nc4 Nc3 31. Bxc3 dxc3 32. f4 Rxe1+ 33. Qxe1 Re8 34. Qf1 Ba6 35.
Re1 Bxc4 36. bxc4 Qd7 37. Ra1 Bd4+ 38. Kh1 Kg7 39. Bf3 Qe6 40. Kg2 Qe3 41. Rd1
f5 42. Kh1 g5 43. fxg5 hxg5 44. Bh5 Re5 45. Bf3 g4 46. Bg2 Qe2 47. Rb1 Qxc2 48.
Rxb6 Qd2 49. Rb7+ Kg6 50. Be4 Bf2 51. Kg2 fxe4 0-1

[Event "Hessen Senioren-ch 2012  8th"]
[Site "Bad Sooden-Adf. (14.4.-22.4)"]
[Date "2012.04.14"]
[Round "1.3"]
[White "Van den Berg, Ad"]
[Black "Grabitz, Georg Dr"]
[Result "1-0"]
[WhiteElo "1998"]
[BlackElo "1903"]
[PlyCount "76"]
[EventDate "2012.04.??"]
[EventType "swiss"]
[EventRounds "9"]
[EventCountry "GER"]
[WhiteTeam "NED/Philidor Leiden"]
[BlackTeam "Bovenden Plesse"]
[WhiteTeamCountry "NED"]

1. e4 g6 2. d4 Bg7 3. Nf3 d6 4. c3 Nf6 5. Nbd2 O-O 6. Bd3 Nc6 7. O-O e5 8. dxe5
dxe5 9. Bc4 h6 10. b4 Nh5 11. g3 Bh3 12. Re1 Qf6 13. Bf1 Bxf1 14. Nxf1 Rfd8 15.
Qe2 Qe6 16. N3d2 Nf6 17. Nb3 Nd7 18. Be3 a6 19. Red1 Bf8 20. Rd2 Kh7 21. Rad1
Nb6 22. Bxb6 cxb6 23. Ne3 Rxd2 24. Rxd2 b5 25. Qd1 Be7 26. h4 Rd8 27. Rxd8 Bxd8
28. h5 Bg5 29. hxg6+ fxg6 30. Qd5 Qe7 31. Ng2 h5 32. Nc5 h4 33. gxh4 Bxh4 34.
Kf1 Bf6 35. Nxa6 bxa6 36. Qxc6 Qd8 37. Ne3 Qd3+ 38. Kg2 Bg5 1-0

[Event "Hessen Senioren-ch 2012  8th"]
[Site "Bad Sooden-Adf. (14.4.-22.4)"]
[Date "2012.04.14"]
[Round "1.4"]
[White "Lippmann, Ulrich"]
[Black "Bakhmatov, Eduard"]
[Result "0-1"]
[WhiteElo "1890"]
[BlackElo "2198"]
[PlyCount "83"]
[EventDate "2012.04.??"]
[EventType "swiss"]
[EventRounds "9"]
[EventCountry "GER"]
[WhiteTeam "Papenburg SC"]
[BlackTeam "Hattingen SV"]

1. Nf3 Nf6 2. b3 g6 3. Bb2 Bg7 4. e3 O-O 5. Be2 d6 6. d4 Nbd7 7. O-O e5 8. dxe5
Ng4 9. Nbd2 Ndxe5 10. Nxe5 Nxe5 11. Rb1 b6 12. Nf3 Bb7 13. Nxe5 dxe5 14. Qxd8
Rfxd8 15. Rfd1 Be4 16. Bd3 Bxd3 17. cxd3 Rd5 18. Kf1 a5 19. Rbc1 c5 20. a4 f5
21. Ke2 Rad8 22. e4 R5d7 23. Rb1 Kf7 24. f3 Ke6 25. Bc1 h5 26. Be3 Bf6 27. Rbc1
g5 28. h3 Rg8 29. Rf1 Rdg7 30. g3 f4 31. Bf2 fxg3 32. Bxg3 Rb7 33. Be1 Be7 34.
Bf2 Rc8 35. Rc3 b5 36. Ra1 bxa4 37. Rxa4 Rb5 38. Rac4 Rb4 39. d4 exd4 40. Bxd4
cxd4 41. Rxc8 dxc3 42. Rxc3 0-1

[Event "Hessen Senioren-ch 2012  8th"]
[Site "Bad Sooden-Adf. (14.4.-22.4)"]
[Date "2012.04.14"]
[Round "1.5"]
[White "Liebert, Heinz"]
[Black "Kleist, Werner(35)"]
[Result "1-0"]
[WhiteElo "2155"]
[BlackElo "1480"]
[PlyCount "71"]
[EventDate "2012.04.??"]
[EventType "swiss"]
[EventRounds "9"]
[EventCountry "GER"]
[WhiteTeam "Halle Volksbank USV"]
[BlackTeam "GER/Berlin"]

1. c4 c5 2. Nf3 d6 3. d4 cxd4 4. Nxd4 Nc6 5. Nc3 g6 6. e4 Bg7 7. Be3 Nf6 8. Be2
O-O 9. O-O Bd7 10. Qd2 Ng4 11. Bxg4 Bxg4 12. f3 Bd7 13. Rfd1 a6 14. Qf2 Rc8 15.
Nb3 Ne5 16. c5 Nc4 17. Bg5 f6 18. Bh4 Bh6 19. Qe2 Bb5 20. Nxb5 axb5 21. Bf2 Bg7
22. a4 f5 23. axb5 Ne5 24. Rd5 Nf7 25. Rad1 Qe8 26. exf5 Be5 27. fxg6 hxg6 28.
g3 e6 29. R5d3 Qxb5 30. f4 Bg7 31. cxd6 Nxd6 32. Qxe6+ Nf7 33. Rd7 Rc6 34. Qd5
Qxd5 35. R1xd5 Rb6 36. Bxb6 1-0

[Event "Hessen Senioren-ch 2012  8th"]
[Site "Bad Sooden-Adf. (14.4.-22.4)"]
[Date "2012.04.14"]
[Round "1.6"]
[White "Papapostolou, Christos"]
[Black "Ghijsen, Pim"]
[Result "1/2-1/2"]
[WhiteElo "1933"]
[BlackElo "1906"]
[PlyCount "88"]
[EventDate "2012.04.??"]
[EventType "swiss"]
[EventRounds "9"]
[EventCountry "GER"]
[WhiteTeam "Bad Sooden-Allendorf SK"]
[BlackTeam "NED/Amsterdam VAS"]
[BlackTeamCountry "NED"]

1. d4 d5 2. c4 c6 3. Nc3 Nf6 4. Nf3 a6 5. e3 b5 6. cxd5 cxd5 7. Bd3 Bb7 8. O-O
e6 9. a3 Nbd7 10. b3 Be7 11. Bb2 O-O 12. Rc1 Rc8 13. Qe2 Ne4 14. Bxe4 dxe4 15.
Nd2 f5 16. f3 exf3 17. Nxf3 Nf6 18. b4 Nd5 19. Ne5 Bf6 20. Nxd5 Qxd5 21. Nd3
Bg5 22. Nf4 Qe4 23. Qf3 Bxf4 24. exf4 Qxf3 25. gxf3 Bd5 26. Rc5 Bc4 27. Rc1 Kf7
28. Kf2 g6 29. a4 Ke7 30. axb5 axb5 31. Ra1 Ra8 32. Rc7+ Kd6 33. Rca7 Rxa7 34.
Rxa7 Bd5 35. Ra6+ Bc6 36. Ra7 Ra8 37. Rxa8 Bxa8 38. Ke3 Bd5 39. Bc3 Bc4 40. Be1
Kd5 41. Bh4 Bf1 42. Be7 Kc4 43. Bc5 Bh3 44. Kd2 Bf1 1/2-1/2

[Event "Hessen Senioren-ch 2012  8th"]
[Site "Bad Sooden-Adf. (14.4.-22.4)"]
[Date "2012.04.14"]
[Round "1.7"]
[White "Haubt, Georg"]
[Black "Kotlar, Alfred"]
[Result "1-0"]
[WhiteElo "2189"]
[BlackElo "1825"]
[PlyCount "81"]
[EventDate "2012.04.??"]
[EventType "swiss"]
[EventRounds "9"]
[EventCountry "GER"]
[WhiteTeam "Oberursel SV"]
[BlackTeam "Recklinghausen 06 SK"]

1. e4 g6 2. d4 Bg7 3. Nc3 d6 4. Be3 a6 5. a4 Nd7 6. f4 e5 7. Nf3 exd4 8. Bxd4
Bxd4 9. Qxd4 f6 10. Bc4 Ne7 11. O-O-O Nc6 12. Qe3 Nb6 13. Bb3 Qe7 14. Rhe1 Be6
15. Bxe6 Qxe6 16. Nd5 O-O-O 17. Nxb6+ cxb6 18. Qxb6 Qg4 19. Re3 Qxf4 20. g3 Qh6
21. Kb1 Qg7 22. Nd4 Nxd4 23. Rxd4 Kb8 24. Rxd6 Rxd6 25. Qxd6+ Ka8 26. Rc3 Qf8
27. Qd5 Qh6 28. Rb3 Rb8 29. Rb6 Ka7 30. Qd4 Ka8 31. Qxf6 Qe3 32. Rd6 Qe1+ 33.
Ka2 Qe2 34. Qe6 Ka7 35. c3 Qc2 36. Qc4 Qxh2 37. Qd4+ Ka8 38. Qd3 Qf2 39. e5 Rc8
40. e6 Qf6 41. Qd5 1-0

[Event "Hessen Senioren-ch 2012  8th"]
[Site "Bad Sooden-Adf. (14.4.-22.4)"]
[Date "2012.04.14"]
[Round "1.8"]
[White "Krotofil, Kurt"]
[Black "Ljubarskij, Juri"]
[Result "0-1"]
[WhiteElo "1880"]
[BlackElo "2168"]
[PlyCount "80"]
[EventDate "2012.04.??"]
[EventType "swiss"]
[EventRounds "9"]
[EventCountry "GER"]
[WhiteTeam "Hamburg Niendorfer TSV"]
[BlackTeam "Hannover 96 Schach"]

1. d4 d5 2. c4 c6 3. Nf3 Nf6 4. Nc3 e6 5. e3 Nbd7 6. Bd3 dxc4 7. Bxc4 b5 8. Bd3
a6 9. e4 c5 10. e5 cxd4 11. Nxb5 Nxe5 12. Nxe5 axb5 13. Bxb5+ Bd7 14. Nxd7 Qa5+
15. Bd2 Qxb5 16. Nxf8 Kxf8 17. Qe2 Qxe2+ 18. Kxe2 Nd5 19. Kd3 Ke7 20. Rhc1 Rhb8
21. b3 e5 22. f4 f6 23. fxe5 fxe5 24. g3 Kd6 25. Rf1 Ra3 26. Rf7 Rbxb3+ 27.
axb3 Rxa1 28. Rxg7 Ra2 29. Bg5 Rxh2 30. Bh4 Rb2 31. Rb7 h6 32. Rb8 Kc6 33. Bd8
Rf2 34. Bh4 Rf3+ 35. Kd2 e4 36. Re8 Rf2+ 37. Ke1 e3 38. Rc8+ Kb7 39. Rd8 Nb4
40. g4 Nd3+ 0-1

[Event "Hessen Senioren-ch 2012  8th"]
[Site "Bad Sooden-Adf. (14.4.-22.4)"]
[Date "2012.04.14"]
[Round "1.9"]
[White "Hassenrueck, Helmut"]
[Black "Oldach, Ehrenfried"]
[Result "1-0"]
[WhiteElo "2151"]
[BlackElo "1872"]
[PlyCount "55"]
[EventDate "2012.04.??"]
[EventType "swiss"]
[EventRounds "9"]
[EventCountry "GER"]
[WhiteTeam "Gladbeck 19/23 SG"]
[BlackTeam "Warnemünde SF"]

1. d4 Nf6 2. Nf3 b6 3. g3 Bb7 4. Bg2 e6 5. c4 Bb4+ 6. Bd2 Qe7 7. O-O Bxd2 8.
Qxd2 O-O 9. Nc3 d6 10. Rfe1 Nbd7 11. e4 e5 12. Rad1 a6 13. b3 Rfd8 14. Nd5 Nxd5
15. exd5 Qf6 16. Re3 exd4 17. Nxd4 Ne5 18. Rde1 Kf8 19. Qe2 Ng6 20. Ne6+ fxe6
21. Rf3 e5 22. Rxf6+ gxf6 23. h4 Bc8 24. h5 Ne7 25. f4 Nf5 26. fxe5 dxe5 27.
Qf2 Ke7 28. d6+ 1-0

[Event "Hessen Senioren-ch 2012  8th"]
[Site "Bad Sooden-Adf. (14.4.-22.4)"]
[Date "2012.04.14"]
[Round "1.10"]
[White "Gudat, Alfons"]
[Black "Kierzek, Matthias Dr"]
[Result "0-1"]
[WhiteElo "1843"]
[BlackElo "2138"]
[PlyCount "70"]
[EventDate "2012.04.??"]
[EventType "swiss"]
[EventRounds "9"]
[EventCountry "GER"]
[WhiteTeam "Oldenburg SK"]
[BlackTeam "Fulda SC"]

1. e4 c6 2. d4 d5 3. e5 Bf5 4. Nf3 e6 5. Be2 c5 6. O-O Nc6 7. c3 cxd4 8. cxd4
Nge7 9. Nc3 Nc8 10. a3 Be7 11. b4 Nb6 12. Na4 Nxa4 13. Qxa4 O-O 14. Be3 a6 15.
Rac1 b5 16. Qb3 Qb6 17. Qc3 Rfc8 18. Qd2 a5 19. bxa5 Rxa5 20. Bd3 Bxd3 21. Qxd3
Rxa3 22. Qc2 b4 23. Qb2 Rca8 24. Rc2 Ra2 25. Qxa2 Rxa2 26. Rxa2 b3 27. Rb2 Ba3
28. Rbb1 b2 29. Rfd1 Na5 30. Rd3 Nc4 31. Nd2 Qa6 32. Rb3 h6 33. h4 Qa4 34. Rb8+
Kh7 35. Nb3 Bb4 0-1

[Event "Hessen Senioren-ch 2012  8th"]
[Site "Bad Sooden-Adf. (14.4.-22.4)"]
[Date "2012.04.14"]
[Round "1.11"]
[White "Lindner, Jan Joost"]
[Black "Kalix, Wolfgang"]
[Result "1/2-1/2"]
[WhiteElo "2105"]
[BlackElo "1891"]
[PlyCount "33"]
[EventDate "2012.04.??"]
[EventType "swiss"]
[EventRounds "9"]
[EventCountry "GER"]
[WhiteTeam "NED (Niederlande)"]
[BlackTeam "Konstanz SVG"]
[WhiteTeamCountry "NED"]

1. f4 d5 2. Nf3 Nf6 3. e3 g6 4. d3 Bg7 5. Be2 O-O 6. O-O Nc6 7. Qe1 Qd6 8. Nc3
e5 9. fxe5 Nxe5 10. Nxe5 Qxe5 11. Qh4 Bd7 12. e4 dxe4 13. dxe4 Be6 14. Bd3 Rac8
15. Bg5 Nd7 16. Rac1 Qd6 17. Kh1 1/2-1/2

[Event "Hessen Senioren-ch 2012  8th"]
[Site "Bad Sooden-Adf. (14.4.-22.4)"]
[Date "2012.04.14"]
[Round "1.12"]
[White "Schwertel, Johann"]
[Black "Schumacher, Gottfried"]
[Result "1/2-1/2"]
[WhiteElo "1895"]
[BlackElo "2080"]
[PlyCount "78"]
[EventDate "2012.04.??"]
[EventType "swiss"]
[EventRounds "9"]
[EventCountry "GER"]
[WhiteTeam "Koblenz 03/25 SV"]
[BlackTeam "Bad Neuenahr SC"]

1. d4 Nf6 2. Nf3 d5 3. c3 e6 4. Bg5 c5 5. e3 Bd6 6. Nbd2 O-O 7. Be2 Nbd7 8. O-O
Qe7 9. Bh4 b6 10. Bg3 Bb7 11. Re1 Rfd8 12. Nf1 Ne4 13. Bxd6 Qxd6 14. Ng3 a5 15.
Bd3 a4 16. a3 f5 17. Nf1 Ba6 18. Bxa6 Rxa6 19. Qe2 Ra7 20. N3d2 b5 21. f3 Nxd2
22. Nxd2 e5 23. Rad1 cxd4 24. exd4 e4 25. Nf1 Qc6 26. f4 Nb6 27. Ne3 g6 28. h4
Nc4 29. g3 Kf7 30. Kf2 Ke6 31. Rb1 Rb8 32. Rbc1 Rc8 33. Rb1 Qd6 34. Ra1 Rcc7
35. Rh1 Qe7 36. Kg2 h6 37. Kf2 Nd6 38. Kg2 Nc4 39. Kf1 h5 1/2-1/2

[Event "Hessen Senioren-ch 2012  8th"]
[Site "Bad Sooden-Adf. (14.4.-22.4)"]
[Date "2012.04.14"]
[Round "1.13"]
[White "Van Geffen, Ben"]
[Black "Schlag, Franz"]
[Result "1/2-1/2"]
[WhiteElo "1907"]
[BlackElo "1837"]
[PlyCount "87"]
[EventDate "2012.04.??"]
[EventType "swiss"]
[EventRounds "9"]
[EventCountry "GER"]
[WhiteTeam "NED/Messemaker"]
[BlackTeam "Bad Hersfeld SK"]
[WhiteTeamCountry "NED"]

1. e4 e5 2. Nf3 d6 3. d4 Nd7 4. Bc4 h6 5. dxe5 dxe5 6. Bxf7+ Kxf7 7. Nxe5+ Kf6
8. Nd3 Ne5 9. O-O Nxd3 10. cxd3 Bc5 11. Qh5 Qf8 12. Be3 Bb6 13. Nc3 c6 14. Na4
g6 15. Qh4+ Kf7 16. Nxb6 axb6 17. Bxb6 Qe7 18. Qf4+ Ke8 19. d4 g5 20. Qf3 Qf7
21. Qc3 Nf6 22. d5 Bd7 23. Bd4 Rf8 24. Bxf6 Qxf6 25. e5 Qg7 26. e6 Qxc3 27.
exd7+ Kxd7 28. bxc3 cxd5 29. Rfd1 Kc6 30. Rd4 Kc5 31. h4 Rf4 32. hxg5 hxg5 33.
Rd3 Ra3 34. Rad1 Rf5 35. R1d2 b5 36. Kh2 Kc4 37. Rd4+ Kc5 38. g4 Re5 39. Rc2
Re4 40. Rxe4 dxe4 41. Re2 Kd5 42. Rb2 Kc5 43. Re2 Kd5 44. Rb2 1/2-1/2

[Event "Hessen Senioren-ch 2012  8th"]
[Site "Bad Sooden-Adf. (14.4.-22.4)"]
[Date "2012.04.14"]
[Round "1.14"]
[White "Mentel, Juergen Dr"]
[Black "Knaak, Joachim"]
[Result "0-1"]
[WhiteElo "1879"]
[BlackElo "2099"]
[PlyCount "108"]
[EventDate "2012.04.??"]
[EventType "swiss"]
[EventRounds "9"]
[EventCountry "GER"]
[WhiteTeam "Greifswalder SV"]
[BlackTeam "Dresden-Leuben SV"]

1. e4 g6 2. d4 Bg7 3. Nf3 d6 4. Bd3 Nf6 5. h3 O-O 6. O-O c6 7. c3 Nbd7 8. Re1
e5 9. Nbd2 Re8 10. Nf1 Rb8 11. a4 a5 12. Ng3 Qc7 13. Be3 b5 14. Qd2 b4 15. Rec1
bxc3 16. bxc3 Bb7 17. Bg5 c5 18. dxe5 dxe5 19. Qe2 Bc6 20. Be3 Bf8 21. Nd2 Nb6
22. Bc2 h5 23. Qf3 Kg7 24. Ne2 Qd7 25. Nb3 Bxa4 26. Nxc5 Bxc5 27. Bxc5 Bxc2 28.
Rxc2 Nc4 29. Ng3 Qc6 30. Be3 a4 31. Bg5 Nh7 32. Bc1 Ra8 33. Rca2 Ra5 34. Nf1
Nf6 35. Ba3 Rea8 36. Re1 R5a7 37. Nd2 Nd6 38. Qd3 Rd7 39. Qe3 Nc4 40. Nxc4 Qxc4
41. Ree2 Rd3 42. Qc5 Qxc5 43. Bxc5 Rxc3 44. Bd6 Ra5 45. f3 Nd7 46. Kf1 Rc4 47.
Red2 Nb6 48. Rdb2 Nc8 49. Bb8 g5 50. Rb7 Kg6 51. Bc7 Rac5 52. Bb8 f6 53. Rbb2
Ne7 54. Bd6 Nc6 0-1

[Event "Hessen Senioren-ch 2012  8th"]
[Site "Bad Sooden-Adf. (14.4.-22.4)"]
[Date "2012.04.14"]
[Round "1.15"]
[White "Holscher, Peter"]
[Black "Busic, Nedjeljko"]
[Result "1-0"]
[WhiteElo "1959"]
[BlackElo "1883"]
[PlyCount "99"]
[EventDate "2012.04.??"]
[EventType "swiss"]
[EventRounds "9"]
[EventCountry "GER"]
[WhiteTeam "NED/Hoorn Caissa"]
[BlackTeam "Bad Nauheim SC"]
[WhiteTeamCountry "NED"]

1. d4 Nf6 2. Nf3 g6 3. c4 Bg7 4. Nc3 d6 5. g3 O-O 6. Bg2 Nc6 7. O-O Bf5 8. d5
Nb4 9. Nd4 Bd7 10. a3 Na6 11. h3 Qc8 12. Kh2 e5 13. dxe6 fxe6 14. Be3 c6 15.
Rc1 Nc7 16. Qd2 Qe8 17. Nb3 Qe7 18. Rcd1 Nce8 19. Na5 Bc8 20. b4 Qc7 21. Nb3 e5
22. Rc1 Qe7 23. Rfd1 Be6 24. Na5 a6 25. Bg5 Rd8 26. Na4 h6 27. Bxh6 Bxh6 28.
Qxh6 Kf7 29. Qe3 Rh8 30. Qb6 Rd7 31. f3 Nh5 32. Qf2 Qg5 33. Nc3 Qh6 34. e3 Bxh3
35. Rh1 Bxg2 36. Kxg2 Qg7 37. Ne4 Ke7 38. g4 Nhf6 39. Rxh8 Qxh8 40. Rh1 Qg7 41.
Qh4 Kd8 42. Ng5 Qe7 43. e4 Kc7 44. Qh6 d5 45. cxd5 cxd5 46. Rc1+ Kb6 47. exd5
Rxd5 48. Qxg6 Rd2+ 49. Kg3 Qd6 50. Nc4+ 1-0

[Event "Hessen Senioren-ch 2012  8th"]
[Site "Bad Sooden-Adf. (14.4.-22.4)"]
[Date "2012.04.14"]
[Round "1.16"]
[White "Zwanepol, Johan"]
[Black "Pape, Manfred(43)"]
[Result "0-1"]
[WhiteElo "1714"]
[BlackElo "2098"]
[PlyCount "88"]
[EventDate "2012.04.??"]
[EventType "swiss"]
[EventRounds "9"]
[EventCountry "GER"]
[WhiteTeam "NED/Groningen SC"]
[BlackTeam "Bad Harzburg SK"]
[WhiteTeamCountry "NED"]

1. e4 c6 2. d3 g6 3. g3 Bg7 4. Bg2 d6 5. Nd2 Nd7 6. Ngf3 Nh6 7. O-O O-O 8. Re1
f6 9. Nc4 Nf7 10. Ne3 Re8 11. h4 Nf8 12. h5 e5 13. Nh4 Bd7 14. Kh2 Qe7 15. Rh1
Rad8 16. Kg1 Bc8 17. b3 d5 18. exd5 f5 19. c4 f4 20. hxg6 hxg6 21. Nc2 g5 22.
Be4 gxh4 23. Rxh4 Ng5 24. Bg2 cxd5 25. Ba3 Qf6 26. cxd5 Ng6 27. Rh2 f3 28. Bf1
e4 29. Rb1 exd3 30. Qxd3 Bf5 31. Qd1 Rc8 32. Rc1 Ne5 33. d6 Qf7 34. Ne3 Be6 35.
Rxc8 Rxc8 36. Rh4 Bf6 37. Bb2 Rd8 38. Nc4 Nxc4 39. Bxf6 Qxf6 40. Rf4 Qe5 41.
bxc4 Rxd6 42. Qa4 Rd8 43. Qxa7 Qe1 44. Qa4 Bh3 0-1

[Event "Hessen Senioren-ch 2012  8th"]
[Site "Bad Sooden-Adf. (14.4.-22.4)"]
[Date "2012.04.14"]
[Round "1.17"]
[White "Lang, Ferdinand(49)"]
[Black "Causevic, Ismet"]
[Result "1/2-1/2"]
[WhiteElo "2051"]
[BlackElo "1841"]
[PlyCount "74"]
[EventDate "2012.04.??"]
[EventType "swiss"]
[EventRounds "9"]
[EventCountry "GER"]
[WhiteTeam "Bad Wimpfen SC"]
[BlackTeam "Forst 1971 SF"]

1. e4 c5 2. Nf3 d6 3. d4 cxd4 4. Nxd4 Nf6 5. Nc3 a6 6. Bc4 e6 7. O-O Be7 8. a4
Qc7 9. Bb3 O-O 10. Be3 Nc6 11. f3 Bd7 12. Qd2 Ne5 13. Bf2 Nc4 14. Bxc4 Qxc4 15.
Nd1 Rac8 16. Ne3 Qc7 17. c4 Bc6 18. Rfd1 d5 19. exd5 exd5 20. Nxc6 bxc6 21.
cxd5 Rfd8 22. Rac1 Nxd5 23. Nxd5 Rxd5 24. Qc2 Rxd1+ 25. Rxd1 Qb7 26. Re1 Bb4
27. Rd1 h6 28. Qc4 a5 29. Qg4 Bf8 30. Qf5 Re8 31. Qc2 Qa6 32. Qd3 Qb7 33. Rd2
Bb4 34. Rc2 c5 35. Qc4 Qe7 36. Kf1 Rd8 37. g3 Rc8 1/2-1/2

[Event "Hessen Senioren-ch 2012  8th"]
[Site "Bad Sooden-Adf. (14.4.-22.4)"]
[Date "2012.04.14"]
[Round "1.18"]
[White "Schmidt, Manfred Dr(37)"]
[Black "Raedeker, Bernd"]
[Result "0-1"]
[WhiteElo "1850"]
[BlackElo "2059"]
[PlyCount "50"]
[EventDate "2012.04.??"]
[EventType "swiss"]
[EventRounds "9"]
[EventCountry "GER"]
[WhiteTeam "Springe SV"]
[BlackTeam "Stuttgarter SF"]

1. e4 g6 2. d4 Bg7 3. c4 d6 4. Nc3 Nf6 5. Nf3 O-O 6. Be2 e5 7. d5 Na6 8. Qc2
Nh5 9. g3 h6 10. Nh4 Nf4 11. Bxf4 exf4 12. O-O-O Qf6 13. f3 Nc5 14. Kb1 a6 15.
Ng2 fxg3 16. hxg3 b5 17. cxb5 axb5 18. Rd2 b4 19. Nb5 Rxa2 20. Nd4 Ra7 21. Nb3
Nxb3 22. Qxb3 Bd7 23. Ne1 Rfa8 24. Qxb4 Ra1+ 25. Kc2 Qd8 0-1

[Event "Hessen Senioren-ch 2012  8th"]
[Site "Bad Sooden-Adf. (14.4.-22.4)"]
[Date "2012.04.14"]
[Round "1.19"]
[White "Szenetra, Werner"]
[Black "Van Dongen, Rob"]
[Result "1/2-1/2"]
[WhiteElo "2088"]
[BlackElo "1834"]
[PlyCount "88"]
[EventDate "2012.04.??"]
[EventType "swiss"]
[EventRounds "9"]
[EventCountry "GER"]
[WhiteTeam "Rastatt SC"]
[BlackTeam "NED/Amsterdam VAS"]
[BlackTeamCountry "NED"]

1. Nf3 c5 2. e4 d6 3. g3 Nc6 4. Bg2 Nf6 5. d3 g6 6. O-O Bg7 7. Nbd2 O-O 8. c3
Qc7 9. Re1 Rb8 10. a4 a6 11. d4 cxd4 12. Nxd4 Bd7 13. Nf1 Nxd4 14. cxd4 Rfc8
15. e5 dxe5 16. dxe5 Ne8 17. Bf4 Be6 18. Rc1 Qd8 19. Ne3 b5 20. Qxd8 Rxd8 21.
a5 Kf8 22. Rc6 g5 23. Bxg5 Bxe5 24. f4 Bxb2 25. f5 Bc8 26. Nd5 Rxd5 27. Bxe7+
Kg8 28. Rxc8 Rxc8 29. Bxd5 Bc3 30. Re2 Bxa5 31. Bb7 Rc1+ 32. Kg2 Re1 33. Rxe1
Bxe1 34. Bxa6 b4 35. Bc4 Kg7 36. g4 Nf6 37. Kf3 Nd7 38. Ke2 Bc3 39. g5 f6 40.
h4 h6 41. Be6 Nb8 42. gxf6+ Bxf6 43. Bxb4 Bxh4 44. Kf3 Nc6 1/2-1/2

[Event "Hessen Senioren-ch 2012  8th"]
[Site "Bad Sooden-Adf. (14.4.-22.4)"]
[Date "2012.04.14"]
[Round "1.20"]
[White "Kempen, Willi"]
[Black "Franck, Rudolf"]
[Result "1/2-1/2"]
[WhiteElo "1855"]
[BlackElo "2064"]
[PlyCount "84"]
[EventDate "2012.04.??"]
[EventType "swiss"]
[EventRounds "9"]
[EventCountry "GER"]
[WhiteTeam "Rheydter SV"]
[BlackTeam "Ellwangen SC"]

1. e4 e5 2. Nf3 Nf6 3. Nxe5 Qe7 4. Nf3 Nxe4 5. Be2 Qc5 6. d4 Qa5+ 7. c3 d5 8.
O-O Bd6 9. Ng5 Nxg5 10. Bxg5 Bf5 11. Bd3 Bxd3 12. Qxd3 O-O 13. Nd2 c6 14. Rfe1
Qc7 15. Qh3 f6 16. Bh4 Qd7 17. Qe6+ Qxe6 18. Rxe6 Rd8 19. Nb3 Na6 20. Na5 Nc7
21. Re2 Rab8 22. Bg3 Bxg3 23. hxg3 Kf7 24. Rae1 Re8 25. f3 Rxe2 26. Rxe2 Ne6
27. b4 Nd8 28. a4 b6 29. Nb3 Nb7 30. Rb2 Nd6 31. a5 Nb5 32. Rc2 Re8 33. Kf2 f5
34. Nc1 Na3 35. Ra2 Nc4 36. axb6 axb6 37. Ra7+ Kf6 38. Rc7 Re6 39. Ne2 Ne3 40.
Nf4 Nd1+ 41. Kf1 Rd6 42. Ne2 Ne3+ 1/2-1/2

[Event "Hessen Senioren-ch 2012  8th"]
[Site "Bad Sooden-Adf. (14.4.-22.4)"]
[Date "2012.04.14"]
[Round "1.21"]
[White "Papenbrock, Volker"]
[Black "Tuertmann, Dieter"]
[Result "1-0"]
[WhiteElo "2030"]
[BlackElo "1806"]
[PlyCount "103"]
[EventDate "2012.04.??"]
[EventType "swiss"]
[EventRounds "9"]
[EventCountry "GER"]
[WhiteTeam "Hamburg Eimsbuettel SK"]
[BlackTeam "Eberswalde 1949 ESV"]

1. d4 Nf6 2. Nf3 b6 3. Bf4 e6 4. e3 Be7 5. h3 Bb7 6. Bd3 d5 7. O-O Nbd7 8. c4
dxc4 9. Bxc4 O-O 10. Nc3 a6 11. a4 Bd6 12. Ne5 Nd5 13. Nxd5 exd5 14. Bd3 Nf6
15. Bg5 Be7 16. Qc2 h6 17. Bf4 c5 18. b3 Bd6 19. Rfd1 cxd4 20. exd4 Ne4 21. f3
Rc8 22. Qb2 Ng5 23. Qd2 Bxe5 24. dxe5 f5 25. Rac1 Qe7 26. Rxc8 Bxc8 27. Rc1 Ne6
28. Be3 Nc5 29. Bxc5 bxc5 30. f4 Qa7 31. Qf2 d4 32. Qc2 Qb6 33. Qxc5 Qxc5 34.
Rxc5 Be6 35. b4 Rc8 36. Bc4 Re8 37. Bxe6+ Rxe6 38. Rd5 Rc6 39. Rxd4 Rc1+ 40.
Kf2 Ra1 41. b5 axb5 42. axb5 Rb1 43. Rd8+ Kf7 44. Rb8 Rb4 45. Ke3 g5 46. b6
gxf4+ 47. Kf3 Ke6 48. b7 Rb3+ 49. Kxf4 Rb4+ 50. Kg3 Kd7 51. Rh8 f4+ 52. Kf3 1-0

[Event "Hessen Senioren-ch 2012  8th"]
[Site "Bad Sooden-Adf. (14.4.-22.4)"]
[Date "2012.04.14"]
[Round "1.22"]
[White "Schumacher, Helmut(31)"]
[Black "Krebs, Dietmar(44)"]
[Result "1/2-1/2"]
[WhiteElo "1847"]
[BlackElo "1950"]
[PlyCount "43"]
[EventDate "2012.04.??"]
[EventType "swiss"]
[EventRounds "9"]
[EventCountry "GER"]
[WhiteTeam "Aachen St. Josef DJK"]
[BlackTeam "Kölner Dr. Lasker SK"]

1. d4 Nf6 2. Nc3 d5 3. Bg5 Bf5 4. f3 c6 5. Bxf6 gxf6 6. e4 dxe4 7. fxe4 Bg6 8.
Nf3 Bg7 9. Bd3 O-O 10. Qd2 e5 11. d5 Nd7 12. Qe3 Re8 13. g4 Qa5 14. dxc6 bxc6
15. O-O Nc5 16. h4 h6 17. h5 Bh7 18. Nh4 Ne6 19. Ne2 Ng5 20. Kh2 Qb6 21. Qxb6
axb6 22. Nf5 1/2-1/2